00349pab a2200133 454500008004000000100002000040245006800060260000900128300001300137362000800150650002200158700001600180773001900196180718b2010 xxu||||| |||| 00| 0 eng d aYadav, Hans Raj aSocio-economic conditions of MGNREGA workers in district Rewari c2010 ap.24-27. aAug aLiving conditions aGarg, Nidhi aSocial Welfare